LDR 00588naa#a2200169#i#450# 001 EN\\bibl\119672 005 20260517062543.7 011 ## _a2712-7516 100 ## _a20260508b2026####ek#y0engy0150####ca 102 ## _aRU 200 1# _aThe role of esg principles in innovation-driven development of commercial real estate _eJournal article 210 1# _aMoscow _cITBO University _d2026 215 ## _a0 с. 608 ## _aJournal article _2local 675 ## _aРынок земли, недвижимости (предложение, спрос). 332.72 _z 700 #1 _aBogatyrev _gNikolay Sergeevich 856 4# _ajomeam.ru _u